=LDR 00000nam 2200000 4500 =001 INLIS000000000039185 =005 20130612144831 =008 ***********************************Ind** =035 ##$$0010-061300000039185 =041 ##$$a Ind =082 ##$$a 808.51 =090 ##$$a 808.51, Car p =100 ##$$a Carnegie, Dale =245 ##$$a Publik Speaking For Succoss : Berbicara di Depan Umum Agar Sukses, Dale Carnegie =300 ##$$a 589 Hlm, 28Cm =850 ##$$a NBPNMAT